Machine design, construction and drawing; (Record no. 546085)
[ view plain ]
| 000 -LEADER | |
|---|---|
| fixed length control field | 00806cam a2200193 4500 |
| 082 ## - DEWEY DECIMAL CLASSIFICATION NUMBER | |
| Classification number | 621.815 |
| Author Mark | SPO |
| -- | L-12, P28 |
| 100 1# - MAIN ENTRY--PERSONAL NAME | |
| Personal name | Spooner, Henry J. |
| 9 (RLIN) | 42143 |
| 245 00 - TITLE STATEMENT | |
| Title | Machine design, construction and drawing; |
| Remainder of title | a text-book for the use of young engineers, |
| Statement of responsibility, etc. | by Henry J. Spooner, with 126 tables, 7 plates, over 1600 figures, 446 exercises and a selection of examination papers. |
| 250 ## - EDITION STATEMENT | |
| Edition statement | 6th ed., rev. and enl. |
| 260 ## - PUBLICATION, DISTRIBUTION, ETC. | |
| Place of publication, distribution, etc. | London, |
| -- | New York [etc.] |
| Name of publisher, distributor, etc. | Longmans, Green and co. ltd., |
| Date of publication, distribution, etc. | 1927. |
| 300 ## - PHYSICAL DESCRIPTION | |
| Extent | xxiv, 775 p. |
| Other physical details | illus., fold. plates, diagrs. |
| Dimensions | 23 cm. |
| 500 ## - GENERAL NOTE | |
| General note | Contains bibliographies. |
| 526 ## - STUDY PROGRAM INFORMATION NOTE | |
| Program name | 0 |
| Interest level | 0 |
| Reading level | 0 |
| Title point value | 621_815000000000000_SPO |
| 650 #0 - SUBJECT ADDED ENTRY--TOPICAL TERM | |
| Topical term or geographic name entry element | Machine design. |
| 9 (RLIN) | 18984 |
| 650 #0 - SUBJECT ADDED ENTRY--TOPICAL TERM | |
| Topical term or geographic name entry element | Machinery industry. |
| 9 (RLIN) | 42144 |
| 650 #0 - SUBJECT ADDED ENTRY--TOPICAL TERM | |
| Topical term or geographic name entry element | MCE |
| 9 (RLIN) | 379 |
| 650 #0 - SUBJECT ADDED ENTRY--TOPICAL TERM | |
| Topical term or geographic name entry element | Mechanical drawing. |
| 942 ## - ADDED ENTRY ELEMENTS (KOHA) | |
| Source of classification or shelving scheme | |
| Koha item type | Book |
| Withdrawn status | Lost status | Source of classification or shelving scheme | Damaged status | Not for loan | Permanent Location | Current Location | Date acquired | Total Checkouts | Full call number | Barcode | Date last seen | Price effective from | Koha item type |
|---|---|---|---|---|---|---|---|---|---|---|---|---|---|
| Military College of Engineering (MCE) | Military College of Engineering (MCE) | 06/02/2014 | 621.815 SPO | MCE-02243 | 06/02/2014 | 06/02/2014 | Book |
